<?xml version="1.0" encoding="UTF-8"?>
<record
    xmlns:xsi="http://www.w3.org/2001/XMLSchema-instance"
    xsi:schemaLocation="http://www.loc.gov/MARC21/slim http://www.loc.gov/standards/marcxml/schema/MARC21slim.xsd"
    xmlns="http://www.loc.gov/MARC21/slim">

  <leader>00711nam a2200229   4500</leader>
  <controlfield tag="001">35001</controlfield>
  <datafield tag="010" ind1=" " ind2=" ">
    <subfield code="a">9789898662842</subfield>
  </datafield>
  <datafield tag="021" ind1=" " ind2=" ">
    <subfield code="a">PT</subfield>
  </datafield>
  <datafield tag="090" ind1=" " ind2=" ">
    <subfield code="a">35001</subfield>
  </datafield>
  <datafield tag="100" ind1=" " ind2=" ">
    <subfield code="a">20220926              frey50       </subfield>
  </datafield>
  <datafield tag="101" ind1="0" ind2=" ">
    <subfield code="a">por</subfield>
  </datafield>
  <datafield tag="102" ind1=" " ind2=" ">
    <subfield code="a">PT</subfield>
  </datafield>
  <datafield tag="200" ind1="1" ind2=" ">
    <subfield code="a">&#xC0; procura da liberdade</subfield>
    <subfield code="e">uma antologia</subfield>
    <subfield code="f">org. Jaime Gama, Gon&#xE7;alo Almeida Ribeiro</subfield>
  </datafield>
  <datafield tag="210" ind1=" " ind2="9">
    <subfield code="a">Lisboa</subfield>
    <subfield code="c">Funda&#xE7;&#xE3;o Francisco Manuel dos Santos,</subfield>
    <subfield code="d">D.L. 2014</subfield>
  </datafield>
  <datafield tag="215" ind1=" " ind2=" ">
    <subfield code="a">101 p.</subfield>
    <subfield code="d">20 cm</subfield>
  </datafield>
  <datafield tag="675" ind1=" " ind2=" ">
    <subfield code="a">123(042)(091)</subfield>
    <subfield code="v">BN</subfield>
    <subfield code="z">por</subfield>
  </datafield>
  <datafield tag="702" ind1=" " ind2="1">
    <subfield code="a">Gama,</subfield>
    <subfield code="b">Jaime,</subfield>
    <subfield code="f">1947-</subfield>
  </datafield>
  <datafield tag="702" ind1=" " ind2="1">
    <subfield code="a">Ribeiro,</subfield>
    <subfield code="b">Gon&#xE7;alo de Almeida</subfield>
  </datafield>
  <datafield tag="801" ind1=" " ind2="0">
    <subfield code="a">PT</subfield>
    <subfield code="b">BN</subfield>
    <subfield code="g">RPC</subfield>
  </datafield>
  <datafield tag="856" ind1="4" ind2="1">
    <subfield code="u">http://rnod.bnportugal.gov.pt/ImagesBN/winlibimg.aspx?skey=&amp;doc=1890922&amp;img=53972&amp;save=true</subfield>
  </datafield>
  <datafield tag="990" ind1=" " ind2=" ">
    <subfield code="c">LIVROS</subfield>
  </datafield>
  <datafield tag="994" ind1=" " ind2=" ">
    <subfield code="a">COMP</subfield>
  </datafield>
  <datafield tag="995" ind1=" " ind2=" ">
    <subfield code="0">0</subfield>
    <subfield code="1">0</subfield>
    <subfield code="9">48616</subfield>
    <subfield code="b">EBSIS</subfield>
    <subfield code="d">EBSIS</subfield>
    <subfield code="f">7279</subfield>
    <subfield code="k">129 ANT</subfield>
    <subfield code="o">0</subfield>
    <subfield code="r">LIVROS</subfield>
    <subfield code="s"></subfield>
  </datafield>
</record>
